C programming using Turbo C++ : (the waite groups) (Record no. 200047)

MARC details
000 -LEADER
fixed length control field 00445nam a2200169Ia 4500
008 - FIXED-LENGTH DATA ELEMENTS--GENERAL INFORMATION
fixed length control field 231221s9999 xx 000 0 und d
041 ## - LANGUAGE CODE
Language code of text/sound track or separate title English
082 ## - DEWEY DECIMAL CLASSIFICATION NUMBER
Classification number 001.6424C LAF3;1 R
100 ## - MAIN ENTRY--PERSONAL NAME
Personal name Lafore, Robert
245 #0 - TITLE STATEMENT
Title C programming using Turbo C++ : (the waite groups)
250 ## - EDITION STATEMENT
Edition statement 2
260 ## - PUBLICATION, DISTRIBUTION, ETC.
Date of publication, distribution, etc. 1998
Name of publisher, distributor, etc. BPB
300 ## - PHYSICAL DESCRIPTION
Extent xxxi+778
300 ## - PHYSICAL DESCRIPTION
Dimensions FP257
650 ## - SUBJECT ADDED ENTRY--TOPICAL TERM
Topical term or geographic name entry element C,programming,using,Turbo,C++,:,(the,waite,groups)
942 ## - ADDED ENTRY ELEMENTS (KOHA)
Koha item type Books Test
Holdings
Date last seen Total checkouts Full call number Accession number Cost, total (INR) price Price effective from Category Lost status Damaged status Department Withdrawn status Home library Current library Entry date Vendor Cost, normal purchase price Grants Billnumber Billdate Currency symbol Conversion rate Discount Old discount
26/01/2024   001.6424C LAF3;1 R BK45 165.75 26/01/2024 Books Test     Central Library   Central Library Central Library   Sapna Book House 195.00 CS 17284 07/04/2009 RS 1 29.25 15
26/01/2024   001.6424C LAF3;2 R1 BK46 165.75 26/01/2024 Books Test     Central Library   Central Library Central Library   Sapna Book House 195.00 CS 17284 07/04/2009 RS 1 29.25 15
26/01/2024   001.6424C LAF3 FP257   26/01/2024 Floppies     Central Library   Central Library Central Library   Sapna Book House   CS 17284 21/06/2010 RS 1   15
26/01/2024   001.6424C LAF3 FP258   26/01/2024 Floppies     Central Library   Central Library Central Library   Sapna Book House   CS 17284 21/06/2010 RS 1   15

© For any Suggestions or Query, please contact the library staff @ librarian@pes.edu or Phone: +9180 2672 1983/ 2108.